00452 2200169 4500001002100000008004100021035002000062245005000082100002600132260002700158300001700185082001000202650003100212990001300243990001300256990001300269INLIS000000000000697 ind  a0010-0423000697 aDONGENG PENGANTAR TIDUR LEGENDA MALIN KUNDANG aYUDHISTIRA IKRANEGARA aSURABAYAbCV DUA MEDIA a32 hlm.ccm. a398.5 aBUKU-BUKU DONGENG , BALADA a102551-3 a102551-1 a102551-2